| 000 | 02489namaa22001691ia4500 | ||
|---|---|---|---|
| 005 | 20250207095009.0 | ||
| 008 | 250207k2024 dr ado|fsti||o001 0cspa d | ||
| 020 | _a3060-964X | ||
| 040 |
_aCGID0013 _cCGID0013 _erda |
||
| 110 | _aRepública Dominicana : Instituto Dominicano de Evaluación e Investigación de la Calidad Educativa | ||
| 245 | _aMemoria de la Gestión del Ideice: Logros del período 2020 - 2024 | ||
| 260 |
_aSanto Domingo : _bIDEICE _c2024 |
||
| 505 |
_aEn el cuatrienio 2020-2024, el Instituto Dominicano de Evaluación e Investigación de la Calidad Educativa, conforme a las metas asumidas en su Plan Estratégico y sus Planes Operativos Anuales, así como los ejes estratégicos del Ministerio de Educación, materializó acciones que tributan a su misión y a su vez, al fortalecimiento del sistema educativo preuniversitario.
La socialización de resultados de investigaciones y evaluaciones con actores claves del sistema, los acuerdos interinstitucionales con entidades nacionales e internacionales comprometidas con la calidad educativa, la creación de espacios de divulgación como congresos, paneles, coloquios y mesas de dialogo, así como la puesta en marcha de novedosas iniciativas como el programa Conoce tu Regional Investigando, forman parte de los esfuerzos realizados por el instituto para fortalecer la cultura de investigación educativa y corresponder a la propuesta del plan del gobierno de contribuir con el desarrollo de más investigaciones.
Los logros que hoy puede exhibir el Ideice en sus áreas misionales y administrativas no hubiesen sido posible si no se asumen las tareas pendientes encontradas al inicio de la gestión en 2021 para cumplir con indicadores de desempeño y de transparencia gubernamental.
La inauguración de la nueva sede del Ideice vino a constituir un gran paso en el fortalecimiento institucional, pues permitió la adecuada organización de los equipos y la eficientización de las labores, tanto administrativas como de las áreas técnicas especializadas. _rIDEICE |
||
| 650 | _aAdministración Educativa -- Educación y Estado, Calidad de la educación -- República Dominicana, Educación -- República Dominicana, Instituto Dominicano de Evaluación e Investigación de la Calidad Educativa -- Memoria e Informes 2020-2024 -- República Dominicana, Investigación -- República Dominicana. | ||
| 710 | _aInstituto Dominicano de Evaluación e Investigación de la Calidad Educativa | ||
| 942 |
_2ddc _cREV _n0 |
||
| 999 |
_c12488 _d12488 |
||